000 00369nam a2200169Ia 4500
001 9069
003 GE_BSU
008 181216s||||||||xx |||||||||||||| ||und||
040 _cGE_BSU
245 _aLe Point №2163.27 fevrier 2014
245 _b№2163.27 fevrier 2014
260 _aParis
260 _c2014
300 _a98p.27cm.
653 _aLe Point
942 _cCR
999 _c42373
_d42373